00250nam a2200109Ia 4500008004100000100001700041245002700058260001700085260000900102546001200111999001700123170619s9999 xx 000 0 und d aVahid- Frank 0aEmbedded System Design bWiley- India c2012 aENGLISH c21213d21213